| 000 | 00614nam a2200217Ia 4500 | ||
|---|---|---|---|
| 005 | 20250508165004.0 | ||
| 008 | 008 250505s9999 xx 000 0 eng d | ||
| 020 | _a978-0-230-609174 | ||
| 037 | _aTextual | ||
| 040 |
_aFEDL _beng _cFEDL |
||
| 041 |
_aeng _2eng |
||
| 084 |
_a371.97, SAN _qFEDL |
||
| 100 |
_aSanchez-Casal Susan Ed. _9779644 |
||
| 245 | 0 | _aIdentity in education. | |
| 260 |
_aHampshire, UK _bPalgrave Macmillan _c2009 |
||
| 300 | _aviii,278p | ||
| 365 |
_aGBP _b16.99 |
||
| 700 |
_a Macdonald Amie A. Ed. _9779645 |
||
| 942 |
_cTEXL _h371.97, SAN |
||
| 999 |
_c1392504 _d1392504 |
||